Catholic University of Zimbabwe Library
Online Public Access Catalogue
(OPAC)

World human rights guide / (Record no. 44665)

MARC details
000 -LEADER
fixed length control field 00715cam a2200241 a 4500
001 - CONTROL NUMBER
control field 1443648
008 - FIXED-LENGTH DATA ELEMENTS--GENERAL INFORMATION
fixed length control field 851107s1986 nyu 000 0 eng
010 ## - LIBRARY OF CONGRESS CONTROL NUMBER
LC control number 85027584
020 ## - INTERNATIONAL STANDARD BOOK NUMBER
International Standard Book Number 0816014043
040 ## - CATALOGING SOURCE
Original cataloging agency DLC
Transcribing agency CUZ
Modifying agency DLC
Language of cataloging eng
Description conventions rda
050 00 - LIBRARY OF CONGRESS CALL NUMBER
Classification number JC571
Item number HUM
100 1# - MAIN ENTRY--PERSONAL NAME
Personal name Humana, Charles.
245 10 - TITLE STATEMENT
Title World human rights guide /
Statement of responsibility, etc. originated and compiled by Charles Humana.
264 ## - PRODUCTION, PUBLICATION, DISTRIBUTION, MANUFACTURE, AND COPYRIGHT NOTICE
Place of production, publication, distribution, manufacture New York, N.Y. :
Name of producer, publisher, distributor, manufacturer Facts on File,
Date of production, publication, distribution, manufacture, or copyright notice c1986.
300 ## - PHYSICAL DESCRIPTION
Extent xviii, 344 pages. ;
Dimensions 25 cm.
500 ## - GENERAL NOTE
General note At head of title: The Economist.
650 #0 - SUBJECT ADDED ENTRY--TOPICAL TERM
Topical term or geographic name entry element Civil rights
650 #0 - SUBJECT ADDED ENTRY--TOPICAL TERM
Topical term or geographic name entry element Human rights
942 ## - ADDED ENTRY ELEMENTS (KOHA)
Koha item type OS Book
336 ## - CONTENT TYPE
Content type term text
Content type code txt
337 ## - MEDIA TYPE
Media type term unmediated
Media type code n
338 ## - CARRIER TYPE
Source rdacarrier
Holdings
Withdrawn status Lost status Source of classification or shelving scheme Damaged status Not for loan Collection code Home library Current library Shelving location Date acquired Source of acquisition Inventory number Total Checkouts Full call number Barcode Date last seen Price effective from Koha item type
          Non-fiction CUZ Harare Campus CUZ Harare Campus Open Shelf 19.05.2023 Donation CUZ15767   JC571 HUM BK009581 22.05.2025 19.05.2023 OS Book

OPENING HOURS

Weekdays: 0815hrs - 1800hrs
Weekends:0900hrs - 1200hrs

Closed for Mass:

Mon, Thur: 1200hrs - 1300hrs
Sunday & Public Holiday’s

CALL SUPPORT

0242-570570, 0242-570169
09200664, +263 8644140602

LOCATION

18443, Cranborne Avenue, Hatfield, Harare

Other Links


©2021 | CUZ Library